[Event "CZE-chT2C 1213"]
[Site "Czech Republic"]
[Date "2012.12.02"]
[Round "4.3"]
[White "Sedy, Pavel"]
[Black "Zvara, David"]
[Result "0-1"]
[WhiteElo "2137"]
[BlackElo "2091"]
[PlyCount "76"]
[EventDate "2012.10.14"]
[EventType "team-tourn"]
[EventRounds "11"]
[EventCountry "CZE"]
[SourceTitle "EXT 2015"]
[Source "ChessBase"]
[SourceDate "2014.11.20"]
[SourceVersion "1"]
[SourceVersionDate "2014.11.20"]
[SourceQuality "1"]
[WhiteTeam "Vysehrad II"]
[BlackTeam "Vlasim"]
[WhiteTeamCountry "CZE"]
[BlackTeamCountry "CZE"]

1. e4 e5 2. Nf3 Nf6 3. Nc3 Nc6 4. d4 exd4 5. Nxd4 Bb4 6. Nxc6 bxc6 7. Bd3 0-0 8. 0-0 d6 9. Bg5 Qe7 10. Qf3 Qe5 11. Bxf6 gxf6 12. Ne2 Kh8 13. c3 Bc5 14. Ng3 Rg8 15. Nf5 Rb8 16. b4 Bb6 17. Bc4 d5 18. Nh6 Rg7 19. Bd3 Qxc3 20. exd5 cxd5 21. Rac1 Qd4 22. Rfe1 Bg4 23. Nxg4 Qxg4 24. Qxd5 Qxb4 25. Re4 Bxf2+ 26. Kf1 Qd2 27. Rec4 Bb6 28. Qf3 Rd8 29. Be4 Qxa2 30. Qxf6 Rd2 31. R1c2 Qb1+ 32. Rc1 Qb5 33. Bc6 Qh5 34. Bf3 Qxh2 35. Ke1 Be3 36. Be2 Qg3+ 37. Kf1 Qxg2+ 38. Ke1 Qxe2# 0-1

[Event "CZE-chT2C 1112"]
[Site "Czech Republic"]
[Date "2012.04.22"]
[Round "11.5"]
[White "Starek, Stanislav"]
[Black "Zvara, David"]
[Result "0-1"]
[WhiteElo "1978"]
[BlackElo "1979"]
[PlyCount "96"]
[EventDate "2011.10.09"]
[EventType "team-tourn"]
[EventRounds "11"]
[EventCountry "CZE"]
[SourceTitle "EXT 2013"]
[Source "ChessBase"]
[SourceDate "2012.11.22"]
[SourceVersion "1"]
[SourceVersionDate "2012.11.22"]
[SourceQuality "1"]
[WhiteTeam "Ricany"]
[BlackTeam "Vlasim"]
[WhiteTeamCountry "CZE"]
[BlackTeamCountry "CZE"]

1. d4 Nf6 2. Nf3 e6 3. Bg5 d5 4. e3 Be7 5. c4 c6 6. cxd5 exd5 7. Nc3 0-0 8. Bd3 Ne4 9. Bxe4 Bxg5 10. Nxg5 Qxg5 11. h4 Qe7 12. Bc2 f5 13. Qd3 Nd7 14. 0-0-0 Nf6 15. f3 b5 16. Rhg1 b4 17. Na4 a5 18. Rde1 Ne8 19. g4 Ba6 20. Qd1 fxg4 21. Rxg4 Nd6 22. Nc5 Bc8 23. Rg5 h6 24. Rg2 Qf6 25. Rg6 Qe7 26. e4 dxe4 27. Nxe4 Nxe4 28. Rxe4 Qc7 29. Re5 Ra7 30. Qd2 c5 31. Rxc5 Qe7 32. Re5 Qxh4 33. Qd3 Qf4+ 34. Kb1 Qxf3 35. Qxf3 Rxf3 36. Re8+ Kf7 37. Re1 Bf5 38. Bxf5 Rxf5 39. Reg1 Rf1+ 40. Rxf1+ Kxg6 41. Kc2 h5 42. Kd3 h4 43. d5 Kh5 44. d6 Rd7 45. Rf5+ Kg4 46. Rd5 h3 47. Kc4 h2 48. Rd1 Rxd6 0-1